"Das sind ja ganz normale Menschen": Bericht über eine Unterrichtsbegegnung in der JVA Geldern-Pont

Saved in:  
Bibliographic Details
Main Author: Hanssen, Rainer (Author)
Format: Print Article
Language:German
Published: 1990
In: Zeitschrift für Strafvollzug und Straffälligenhilfe
Year: 1990, Volume: 39, Issue: 6, Pages: 364 - 365
Availability in Albert-Krebs Library:Z.01
24.1975 - 55.2006
Check availability: HBZ Gateway
Keywords:

MARC

LEADER 00000caa a22000002c 4500
001 1818622629
003 DE-627
005 20260505204915.0
007 tu
008 221011s1990 xx ||||| 00| ||ger c
035 |a (DE-627)1818622629 
035 |a (DE-599)KXP1818622629 
040 |a DE-627  |b ger  |c DE-627  |e rakwb 
041 |a ger 
084 |a 2,1  |2 ssgn 
100 1 |a Hanssen, Rainer  |4 aut 
245 1 0 |a "Das sind ja ganz normale Menschen"  |b Bericht über eine Unterrichtsbegegnung in der JVA Geldern-Pont 
264 1 |c 1990 
336 |a Text  |b txt  |2 rdacontent 
337 |a ohne Hilfsmittel zu benutzen  |b n  |2 rdamedia 
338 |a Band  |b nc  |2 rdacarrier 
650 4 |a Strafgefangener  |x Jugendlicher  |x Erziehung  |7 (dpeaa)DE-2619 
650 4 |a Strafgefangener  |7 (dpeaa)DE-2619 
650 4 |a Jugendlicher  |7 (dpeaa)DE-2619 
650 4 |a Erziehung  |7 (dpeaa)DE-2619 
650 4 |a Unterrichtsbesuch  |7 (dpeaa)DE-2619 
650 4 |a Erfahrungsbericht  |7 (dpeaa)DE-2619 
773 0 8 |i Enthalten in  |t Zeitschrift für Strafvollzug und Straffälligenhilfe  |d Wiesbaden : Ges. für Fortbildung der Strafvollzugsbediensteten, 1975  |g 39(1990), 6, Seite 364 - 365  |w (DE-627)130166723  |w (DE-600)519517-2  |w (DE-576)015709817  |x 0342-3514  |7 nnas 
773 1 8 |g volume:39  |g year:1990  |g number:6  |g pages:364 - 365 
889 |w (DE-627)194225993X 
935 |a mkri 
951 |a AR 
AKB |a 24.1975 - 55.2006  |b Z.01 
ELC |b 1 
LOK |0 000 xxxxxcx a22 zn 4500 
LOK |0 001 4196286356 
LOK |0 003 DE-627 
LOK |0 004 1818622629 
LOK |0 005 20221011151112 
LOK |0 008 221011||||||||||||||||ger||||||| 
LOK |0 035   |a (DE-2619)p00501 
LOK |0 040   |a DE-2619  |c DE-627  |d DE-2619 
LOK |0 092   |o n 
LOK |0 852   |a DE-2619 
LOK |0 852 1  |m p  |9 00 
LOK |0 935   |a kreb 
LOK |0 938   |k p 
LOK |0 939   |a 2022-10-11  |b l01 
ORI |a WA-MARC-krimdoka001.raw